LEADER 01508nam a2200337 u 4500 001 000000065705 003 CaOOAMICUS 005 20070226121508.0 008 011213s1997 it u000 u ita u 020 $a8822128303 035 $a10913988 040 $aPUL$bita 041 1 $aita$hfre 100 1 $aGilson, Etienne,$d1884-1978.$0(OLS)http://pul/name/629 240 10$aPhilosophie au moyen âge.$lItaliano.$0(OLS)http://pul/title/87350 245 13$aLa filosofia nel Medioevo :$bdalle origini patristiche alla fine del XIV secolo /$cÉtienne, Gilson ; presentazione di Mario Dal Pra. 260 $aScandicci :$bLa Nuova Italia,$c1997. 300 $axvii, 991 p. ;$c21 cm 490 1 $aPaperbacks classici ;$v12 504 $a"Bibliografia": p. [915]-971 650 4$aFilosofia medievale.$0(OLS)http://pul/subject/139 700 1 $aDal Pra, Mario,$d1914-1992.$0(OLS)http://pul/name/5569 830 0$aPaperbacks classici ;$v12.$0(OLS)http://pul/title/77191 850 $aPUL 852 $aPUL$W1$xDP2 Filosofia 3$y112$m189 GILET 4$j176903$nBK-PRI$b $qDDC 21$B85028$CPULBib$Z2$F85028 $H86233 $81 941 1 $a9 960 $aFilosofia medioevale$9139 961 $aprecedente collocazione: Fil 201 996 $6020$a8822128303$9(OLS)http://pul/number/85212 996 $6245$aLa filosofia nel Medioevo :$bdalle origini patristiche alla fine del XIV secolo$9(OLS)http://pul/title/166882 996 $6260$aScandicci :$bLa Nuova Italia$9(OLS)http://pul/publisher/71200 LEADER 01633nam a2200337 a 4500 001 000000129151 003 CaOOAMICUS 005 20120601135712.0 008 120601s2012 be af u000 u eng r 040 $aPUL$bita$dLDB$delep 041 1 $aeng$alat$aheb$hheb 100 1 $aRaimundus Lullus,$cbeato,$d1233/35-1315.$0(OLS)http://pul/name/3716 240 10$aArs brevis.$lInglese, ebraico e latino.$0(OLS)http://pul/title/163191 245 10$aHa-Melacha Ha-Ketzara :$ba hebrew translation of Ramon's Llull's Ars brevis /$cedited by Harvey J. Hames. 260 $aTurnhout :$bBrepols,$c2012. 300 $aLIII, 193 p.;$c25 cm. 490 1 $aCorpus Christianorum.$aContinuatio Mediaevalis ;$v247 490 1 $aRaimundi Lulli opera latina.$aSupplementum Lullianum ;$v3 500 $aContiene indici. 700 1 $aHames, Harvey J.$0(OLS)http://pul/name/82652 830 0$aCorpus Christianorum.$pContinuatio Mediaevalis ;$v247.$0(OLS)http://pul/title/6 830 0$aRaimundi Lulli opera latina.$pSupplementum Lullianum ;$v3.$0(OLS)http://pul/title/3980 850 $aPUL 852 $aPUL$W1$xSL Cons. Gen., Altre Classi 1$y1$m2008 B 1.247$j149539$qStampati$B148078$CPULBib$Z2$F148078 $H119978 $82 900 $aLull, Ramòn,$d1235-1315$93716 900 $aRaymundus Lullus,$d1235-1315$93716 900 $aRaimondo Lullo,$d1235-1315$93716 900 $aLullo, Raimondo,$d1235-1315$93716 941 1 $a8 996 $6245$aHa-Melacha Ha-Ketzara :$ba hebrew translation of Ramon's Llull's Ars brevis$9(OLS)http://pul/title/163187 996 $6260$aTurnhout :$bBrepols$9(OLS)http://pul/publisher/47850